[Event "GRE-chT 45th"]
[Site "Achaia"]
[Date "2017.07.04"]
[Round "3.9"]
[White "Gavalakis, Dimitrios"]
[Black "Spyratos, Nikolaos"]
[Result "0-1"]
[WhiteElo "1123"]
[BlackElo "1514"]
[PlyCount "59"]
[EventDate "2017.07.03"]
[EventType "team-swiss"]
[EventRounds "7"]
[EventCountry "GRE"]
[SourceTitle "CBM 179 Extra"]
[Source "ChessBase"]
[SourceDate "2017.08.23"]
[SourceVersion "1"]
[SourceVersionDate "2017.08.23"]
[SourceQuality "1"]
[WhiteTeam "Korinthias Argonaftis"]
[BlackTeam "Panionios GA"]
[WhiteTeamCountry "GRE"]
[BlackTeamCountry "GRE"]

1. e4 c5 2. c3 Nf6 3. e5 Nd5 4. d4 cxd4 5. cxd4 e6 6. Nf3 b6 7. Bc4 Bb7 8. 0-0 Qc8 9. Bd3 Ba6 10. a3 Bxd3 11. Qxd3 Qa6 12. Qxa6 Nxa6 13. Bd2 Rc8 14. Nc3 Nxc3 15. bxc3 Be7 16. Rfc1 Rc4 17. a4 0-0 18. a5 b5 19. Rab1 Rb8 20. Rb3 Nc7 21. Rcb1 a6 22. Be1 Nd5 23. Kf1 Rbc8 24. Rc1 b4 25. Nd2 Rxc3 26. Rcxc3 bxc3 27. Rb7 cxd2 28. Bxd2 h6 29. Rxd7 Bb4 30. Ke2 0-1

[Event "GRE-ch U12"]
[Site "Achaia"]
[Date "2017.06.28"]
[Round "4"]
[White "Vourgidis, Konstantinos"]
[Black "Gavalakis, Dimitrios"]
[Result "0-1"]
[WhiteElo "1100"]
[BlackElo "1149"]
[PlyCount "82"]
[EventDate "2017.06.26"]
[EventType "swiss"]
[EventRounds "9"]
[EventCountry "GRE"]
[SourceTitle "EXT 2018"]
[Source "ChessBase"]
[SourceDate "2017.10.13"]
[SourceVersion "1"]
[SourceVersionDate "2017.10.13"]
[SourceQuality "1"]

1. e4 Nc6 2. Nf3 e5 3. Nc3 Nf6 4. Bc4 Bc5 5. d3 h6 6. 0-0 d6 7. h3 Be6 8. Bxe6 fxe6 9. Bd2 Qe7 10. Qe1 Nd4 11. Nxd4 Bxd4 12. Rb1 g5 13. Ne2 g4 14. hxg4 Nxg4 15. Nf4 exf4 16. Bxf4 Be5 17. Bxe5 dxe5 18. f3 Nf6 19. Qg3 0-0-0 20. Qxe5 h5 21. Kf2 Rdf8 22. Qd4 Kb8 23. b4 e5 24. Qc3 Qd6 25. Ke2 Rhg8 26. Rg1 h4 27. Rbd1 Nh5 28. Kd2 Nf4 29. Ke1 h3 30. d4 exd4 31. Rxd4 Qb6 32. a4 Ne6 33. Kf1 Qxd4 34. Qe1 h2 35. Rh1 Qe5 36. Qf2 Qa1+ 37. Qe1 Qxe1+ 38. Kxe1 Rxg2 39. Kf1 Rfg8 40. c4 Rg1+ 41. Rxg1 hxg1Q+ 0-1

[Event "GRE-ch U12"]
[Site "Porto Rio"]
[Date "2016.06.30"]
[Round "4"]
[White "Stefanopoulos, Andreas"]
[Black "Gavalakis, Dimitrios"]
[Result "1/2-1/2"]
[WhiteElo "1037"]
[BlackElo "1155"]
[PlyCount "48"]
[EventDate "2016.06.28"]
[EventType "swiss"]
[EventRounds "9"]
[EventCountry "GRE"]
[SourceTitle "CBM 173 Extra"]
[Source "ChessBase"]
[SourceDate "2016.08.29"]
[SourceVersion "1"]
[SourceVersionDate "2016.08.29"]
[SourceQuality "1"]

1. e4 e5 2. Nf3 Nc6 3. d4 exd4 4. Bc4 Nf6 5. e5 Ng4 6. 0-0 Bc5 7. Bxf7+ Kxf7 8. Ng5+ Kg8 9. Qxg4 Nxe5 10. Qe4 Qe7 11. Re1 d6 12. f4 h6 13. Nh3 Nf3+ 14. gxf3 Qxe4 15. fxe4 Bxh3 16. Kh1 Kh7 17. Nd2 Rae8 18. Nb3 Bb6 19. Bd2 Bd7 20. Kg2 Bc6 21. Kf3 d5 22. e5 Re6 23. Rad1 Be8 24. Kg4 Rg6+ 1/2-1/2